Half of women encounter discrimination at work (Record no. 78990)
[ view plain ]
| 000 -LEADER | |
|---|---|
| fixed length control field | 01199cad a22002175a 4500 |
| 001 - CONTROL NUMBER | |
| control field | L138785 |
| 008 - FIXED-LENGTH DATA ELEMENTS--GENERAL INFORMATION | |
| fixed length control field | 070711e20070705xxk f 000 0 eng d |
| 035 ## - SYSTEM CONTROL NUMBER | |
| System control number | (Sirsi) u138785 |
| 041 0# - LANGUAGE CODE | |
| Language code of text/sound track or separate title | eng |
| 110 2# - MAIN ENTRY--CORPORATE NAME | |
| Corporate name or jurisdiction name as entry element | Atkins |
| 9 (RLIN) | 5263 |
| 245 00 - TITLE STATEMENT | |
| Title | Half of women encounter discrimination at work |
| Medium | [electronic resource] |
| 260 ## - PUBLICATION, DISTRIBUTION, ETC. | |
| Date of publication, distribution, etc. | 2007 |
| 490 #0 - SERIES STATEMENT | |
| Series statement | Atkins News Release |
| Volume/sequential designation | 5 July 2007 |
| 520 ## - SUMMARY, ETC. | |
| Summary, etc. | A survey by design and engineering consultancy, Atkins, reveals that 54% of women in Britain have experienced gender inequality in the workplace. In the construction and engineering sector, one fifth of women feel they are unable to reach middle management positions and half feel they cannot achieve senior management positions. In addition, if more women were working in architecture, engineering and construction, 52% of all women surveyed said they would contemplate a career in this field. |
| 590 ## - LOCAL NOTE (RLIN) | |
| Local note | KA NTK |
| 651 #4 - SUBJECT ADDED ENTRY--GEOGRAPHIC NAME | |
| Geographic name | United Kingdom |
| Chronological subdivision | |
| 690 ## - LOCAL SUBJECT ADDED ENTRY--TOPICAL TERM (OCLC, RLIN) | |
| Topical term or geographic name as entry element | MANAGEMENT-BUSINESS MANAGEMENT-DISCRIMINATION-GENDER DISCRIMINATION |
| 690 ## - LOCAL SUBJECT ADDED ENTRY--TOPICAL TERM (OCLC, RLIN) | |
| Topical term or geographic name as entry element | BUILT ENVIRONMENT |
| 856 40 - ELECTRONIC LOCATION AND ACCESS | |
| Uniform Resource Identifier | <a href="https://www.atkinsglobal.com/news/25360/7421470_Internet">https://www.atkinsglobal.com/news/25360/7421470_Internet</a> |
| Public note | View the item free of charge at www.atkinsglobal.com... |
| 942 ## - ADDED ENTRY ELEMENTS (KOHA) | |
| Suppress in OPAC | 0 |
| Withdrawn status | Lost status | Source of classification or shelving scheme | Damaged status | Not for loan | Home library | Current library | Shelving location | Date acquired | Total Checkouts | Full call number | Barcode | Date last seen | Copy number | Price effective from | Koha item type |
|---|---|---|---|---|---|---|---|---|---|---|---|---|---|---|---|
| Dewey Decimal Classification | Virtual | Virtual | Online | 11/07/2007 | ONLINE PUBLICATION | 138785-2001 | 06/08/2019 | 1 | 06/08/2019 | Journal article |